000 01190nam a22003497a 4500
001 BR8001831
003 BR-BrBNA
005 20230928090549.0
007 ta
008 230509b bl.||||| |||| 00| 0 por d
040 _aBR-BrBNA
_bpor
_cBiblioteca Nacional de Agricultura
041 _a(Por)
072 _aL73
_b5212
_b4110
090 _ 5212 BR8001831
100 1 _aMaia, P.C.C.
110 1 _aUniversidade Federal de Minas Gerais, Belo Horizonte (Brasil). Escola de Veterinaria
_0Tese (Mestre em Medicina Veterinaria)
245 1 _aAlteracoes testiculares e epididimarias em bovinos [Doenca animal; Bos taurus; Orquite; Epididimite; Bacteria]
246 1 _a[Alterations in the testicles and epididymides of bulls [Animal disease; Bos taurus; Orchitis; Epididymide; Bacterium]]
260 3 _aBelo Horizonte, MG (Brasil):
_c1979.
300 _a37 p.
500 _a11 illus.; 40 ref.; Summaries (Eng, Por)
650 _aDoenca animal
650 _aBovino
650 _aOrquite
650 _aEpididimite
650 _aBacteria
650 _aAparelho reprodutor
650 _aTesticulo
650 _aHistologia
909 _a202309
_bLucia
_c55
_dLucia Elande
942 _cBK
999 _c29380
_d29380